| 000 | 00332cam a22001097a 4500 | ||
|---|---|---|---|
| 008 | 180718b1986 xxu||||| |||| 00| 0 eng d | ||
| 082 | _aA75 Ut8JA | ||
| 245 |
_aUttar Pradesh district gazetteers: Jaunpur _cedited by N.L. Gupta |
||
| 260 |
_aLucknow _bDepartment of District Gazetteers _c1986 |
||
| 300 | _a304+p. | ||
| 700 | _aGupta, N.L. | ||
| 999 |
_c486984 _d486984 |
||